000 00417nam a2200157Ia 4500
003 GCL
008 140319s9999 xx 000 0 ara d
040 _aGCL /
_cGCL
082 0 4 _a880
_bل ا
100 1 _aلويس عوض
245 1 0 _aاسطورة اوريست والملاحم العربية /
_cلويس عوض
490 _a
650 0 4 _aالادب اليونانى
650 0 4 _aالادب
942 _2ddc
_cBK
999 _c39759
_d39759